Quaestionum quarundam expositio pro Schole Inst. iuris romani
Сохранить в:
| Главный автор: | |
|---|---|
| Формат: | |
| Язык: | латинский |
| Опубликовано: |
Roma
Pontificie Universitas Gregoriana
1963
|
| Предметы: | |
| Метки: |
Добавить метку
Нет меток, Требуется 1-ая метка записи!
|
MARC
| LEADER | 00000nam a2200000 a 4500 | ||
|---|---|---|---|
| 001 | UCX7186 | ||
| 003 | CL-VaPUC | ||
| 008 | 931130e19630000IT |||||||||||||||||lat|d | ||
| 082 | 0 | 4 | |a 340.54 |b ROB |2 21 |
| 100 | 0 | |a Robleda, Olis |e author |9 323991 | |
| 245 | 1 | 0 | |a Quaestionum quarundam expositio pro Schole Inst. iuris romani |
| 300 | |a 212 p | ||
| 942 | |c BK | ||
| 945 | |d 19931130 00:00:00 |a mfernand | ||
| 260 | |a Roma |b Pontificie Universitas Gregoriana |c 1963 | ||
| 650 | 0 | |a Derecho romano |9 255930 | |
| 583 | |a last modification |c 19931130 00:00:00 |k Rodrigo Vera | ||
| 999 | |c 227079 |d 227077 | ||
| 952 | |0 0 |1 0 |4 0 |6 340_540000000000000_ROB_1963 |7 0 |8 DER_ROM |9 225860 |a BIBDER |b BIBDER |d 2019-11-15 |i 2945029 |o 340.54 ROB 1963 |p 2945029 |r 2023-01-25 |w 2019-11-15 |x Ubicación 4to piso |y BK |z Este recurso debe solicitarse con anticipación |k DER | ||